000 00710nam a2200289Ia 4500
005 20260324123906.0
008 008 260324s9999 xx 000 0 eng d
020 _a9780429086403
037 _aEBOOK
040 _aCRL
040 _beng
040 _cCRL
041 _2eng
041 _aeng
084 _qCRL
100 _aAdam Micolich; James Rabeau; Deborah M. Kane
_91172054
245 0 _aNanotechnology in Australia
245 0 _bShowcase of Early Career Research
260 _bTaylor and Francis
260 _c2011
365 _a
365 _b225
856 _uhttp://www.taylorfrancis.com/books/9780429086403
942 _cEBOOK
999 _c1765957
_d1765957